Cartilla Laboral 2013

Bibliographic Details
Format: eBook
Language:Spanish
Published: Bogot ̀: ECOE, 2013
Subjects:
Online Access:http://www.vlex.com/source/10921

MARC

LEADER 00000nam a22000007a 4500
005 20130328161824.0
007 cr|||| ||||
008 130328e2013 ck |||||s|||| 00||0 spa d
020 |a 978-958-648-844-0 
035 |a 10921 
040 |a vLex 
090 |c 4074  |d 4074 
245 0 0 |a Cartilla Laboral 2013  |h [Recurso electrn̤ico]  
256 |a Servicio en ln̕ea 
260 |a Bogot ̀:   |b ECOE,   |c 2013 
300 |a 1 Recurso electrn̤ico 
506 |a Contenido solo disponible en los productos indicados  |d vLex Global  |d vLex Global (Academic Edition, excluding Law Schools)  |d vLex Global (U.S. Academic Edition, Law Schools)  |d vLex Global (U.S. Academic Edition, excluding Law Schools)  |d vLex Global (Academic Edition, Law Schools) 
650 0 4 |a Derecho laboral y Seguridad Social  |z Colombia 
740 |a vLex Libros (Servicio en ln̕ea) 
856 |a Acceso restringido  |u http://www.vlex.com/source/10921 
942 |c BOOK 
999 0 |a Labor law and legislation